Sanyukta Rashtra Sangh (Record no. 25845)

MARC details
000 -LEADER
fixed length control field 00472nam a2200169Ia 4500
008 - FIXED-LENGTH DATA ELEMENTS--GENERAL INFORMATION
fixed length control field 230917s9999||||xx |||||||||||||| ||und||
020 ## - ISBN
Price RS895
040 ## - CATALOGING SOURCE
-- 245612
Original cataloging agency VIVEKANANDA LIBRARY
041 ## - Language
-- English
082 ## - DDC NUMBER
Classification number 341.23 C456S
100 ## - MAIN ENTRY--PERSONAL NAME
Personal name Chaurasia, Radheyshyam
245 #0 - TITLE STATEMENT
Title Sanyukta Rashtra Sangh
260 ## - PUBLICATION, DISTRIBUTION, ETC. (IMPRINT)
Place of publication, distribution, etc New Delhi
Name of publisher, distributor, etc Atlantic Publishers and Distributors
Date of publication, distribution, etc 2002
300 ## - PHYSICAL DESCRIPTION
Pages iv, 552 p.
500 ## - GENERAL NOTE
General note 3034 01/02/2018 HBD18/7318 06/03/2018 Main Budget
942 ## - ADDED ENTRY ELEMENTS (KOHA)
Koha item type Books
Holdings
Withdrawn status Lost status Damaged status Not for loan Location (home branch) Sublocation or collection (holding branch) Date acquired Koha issues (times borrowed) Koha full call number Accession No. Koha date last seen Koha item type
        VIVEKANANDA LIBRARY VIVEKANANDA LIBRARY 16/03/2018   341.23 C456S 372542 17/09/2023 Books
        VIVEKANANDA LIBRARY VIVEKANANDA LIBRARY 16/03/2018   341.23 C456S 372543 17/09/2023 Books
        VIVEKANANDA LIBRARY VIVEKANANDA LIBRARY 16/03/2018   341.23 C456S 372544 17/09/2023 Books
        VIVEKANANDA LIBRARY VIVEKANANDA LIBRARY 16/03/2018   341.23 C456S 372545 17/09/2023 Books
        VIVEKANANDA LIBRARY VIVEKANANDA LIBRARY 16/03/2018   341.23 C456S 372546 17/09/2023 Books
© Designed and Maintained by Vivekananda Library, MDU Rohtak